00593 a2200181 4500001000700000003000400007005001700011008004100028082001600069100002000085245004500105260003800150300001000188690007600198942001200274999001500286952011000301067032OSt20211026123757.0  a511.3bS75T1 aSipser, Michael1 aTheory of computationcby Michael Sipser aAustraliabCengage Learningc2009 a346p. aMachine theory; Computational complexity; Computer science--Mathematics 2ddccBK c1019d1019 00102ddc40708TXBaCURAJbCURAJd2012-03-07eCSCg255.00o511.3 S75Tp1318r2024-11-21w2020-09-02yBK